000
00297nam a2200121Ia 4500
008
230724s2013 xx und d
020
_a
8190382160
041
_a
eng
100
_a
FRITZ J.M., MICHELL G.
245
_a
HAMPI A STORY IN STONE.
260
_b
ELST WITH ARNOLD
_c
2013
300
_a
193
999
_c
1176063
_d
1176063